The Giotto Spacecraft impact-induced plasma environment (Record no. 8657)

MARC details
000 -LEADER
fixed length control field 00943nam a2200217Ia 4500
003 - CONTROL NUMBER IDENTIFIER
control field IN-BaIIA
008 - FIXED-LENGTH DATA ELEMENTS--GENERAL INFORMATION
fixed length control field 211028s9999 xx 000 0 eng d
020 ## - INTERNATIONAL STANDARD BOOK NUMBER
International Standard Book Number 0379-6566
040 ## - CATALOGING SOURCE
Transcribing agency IIA Library
080 ## - UNIVERSAL DECIMAL CLASSIFICATION NUMBER
Universal Decimal Classification number 629.19(063)
Item number ESA
111 ## - MAIN ENTRY--MEETING NAME
Meeting name or jurisdiction name as entry element Giotto PEWG Meeting on the Giotto Spacecraft Impact-induced Plasma Environment
Location of meeting Austria
Date of meeting or treaty signing 1984 Apr. 10-12
9 (RLIN) 14534
245 #4 - TITLE STATEMENT
Title The Giotto Spacecraft impact-induced plasma environment
Remainder of title proceedings of the Giotto PEWG meeting on the Giotto Spacecraft impact-induced plasma environment, held in Berne, Switzerland, 10-12 April 1984
Statement of responsibility, etc. edited by Bruce Battrick and Erica Rolfe
260 ## - PUBLICATION, DISTRIBUTION, ETC.
Place of publication, distribution, etc. France
Name of publisher, distributor, etc. European Space Agency
Date of publication, distribution, etc. 1984
300 ## - PHYSICAL DESCRIPTION
Extent [various pagings.]
650 ## - SUBJECT ADDED ENTRY--TOPICAL TERM
Topical term or geographic name entry element ESA Spacecraft
9 (RLIN) 14535
650 ## - SUBJECT ADDED ENTRY--TOPICAL TERM
Topical term or geographic name entry element NASA thesaurus
650 ## - SUBJECT ADDED ENTRY--TOPICAL TERM
Topical term or geographic name entry element Spacecraft
9 (RLIN) 4894
700 ## - ADDED ENTRY--PERSONAL NAME
Personal name Battrick Bruce., ed.
9 (RLIN) 14536
700 ## - ADDED ENTRY--PERSONAL NAME
Personal name Rolfe, Erica., ed.
9 (RLIN) 14537
942 ## - ADDED ENTRY ELEMENTS (KOHA)
Koha item type Books
Holdings
Withdrawn status Lost status Damaged status Not for loan Home library Current library Shelving location Date acquired Total Checkouts Full call number Barcode Date last seen Price effective from Koha item type
        IIA Library-Bangalore IIA Library-Bangalore General Stacks 21/03/1986   629.19(063)/ ESA 9530 05/11/2021 21/03/1986 Books

Powered by Koha